| 000 | 00659nam a2200229 a 4500 | ||
|---|---|---|---|
| 001 | 13566 | ||
| 003 | BD-JhCC | ||
| 005 | 20240229075632.0 | ||
| 008 | 240229b2023 bg a|||| ||a 000 0 ben d | ||
| 020 | _a9789849673644 | ||
| 035 | _a(BD-JhCC)13566 | ||
| 040 |
_aBD-JhCC _dBD-JhCC |
||
| 041 | _aBengali | ||
| 082 |
_a891.443 _bROS 2023 |
||
| 100 | _aরশীদ,মামুনুর | ||
| 245 |
_aমঞ্জুলী / _cমামুনুর রশীদ। |
||
| 260 |
_aঢাকা: _bসুচয়নী পাবলিশার্স; _c2023. |
||
| 300 |
_a80 p. : _bill; _c22 cm |
||
| 650 | _aBengali Novel | ||
| 942 |
_2ddc _cBK |
||
| 999 |
_c13566 _d13566 |
||